[Event "10th Norway Blitz 2022"]
[Site "Stavanger NOR"]
[Date "2022.05.30"]
[Round "6.4"]
[White "Giri, Anish"]
[Black "Mamedyarov, Shakhriyar"]
[Result "1/2-1/2"]
[WhiteTitle "GM"]
[BlackTitle "GM"]
[WhiteElo "2761"]
[BlackElo "2759"]
[WhiteFideId "24116068"]
[BlackFideId "13401319"]
[EventDate "2022.05.30"]

1. Nf3 Nf6 2. c4 g6 3. Nc3 d5 4. cxd5 Nxd5 5. h4 Nxc3 6. dxc3 Qxd1+ 7. Kxd1 h5
8. e4 Bg4 9. Kc2 Bh6 10. Bxh6 Bxf3 11. gxf3 Rxh6 12. f4 Nd7 13. f3 e6 14. Rd1
Ke7 15. Rg1 Rd8 16. b4 Rhh8 17. Be2 c5 18. Kb3 cxb4 19. cxb4 Nb8 20. Rxd8 Rxd8
21. Kc3 Rc8+ 22. Kb3 Nc6 23. Rd1 Rd8 24. Rxd8 Nxd8 25. Kc3 Kd6 26. e5+ Ke7 27.
Bd3 a6 28. Be4 Kd7 29. Kc4 Kc7 30. a4 Nc6 31. Bxc6 Kxc6 32. b5+ axb5+ 33. axb5+
Kc7 34. Kc5 b6+ 35. Kd4 Kd7 36. Ke3 Ke7 37. Kd3 Kd7 38. Ke3 Ke7 39. Kd3 Kd7 40.
Kd4 1/2-1/2

[Event "10th Norway Blitz 2022"]
[Site "Stavanger NOR"]
[Date "2022.05.30"]
[Round "6.5"]
[White "Wang, Hao"]
[Black "Anand, Viswanathan"]
[Result "1/2-1/2"]
[WhiteTitle "GM"]
[BlackTitle "GM"]
[WhiteElo "2744"]
[BlackElo "2751"]
[WhiteFideId "8602883"]
[BlackFideId "5000017"]
[EventDate "2022.05.30"]

1. e4 e5 2. Nf3 Nc6 3. Bb5 Nf6 4. O-O Nxe4 5. Re1 Nd6 6. Nxe5 Be7 7. Bf1 Nxe5 8.
Rxe5 O-O 9. Nc3 Bf6 10. Re1 Re8 11. Nd5 Rxe1 12. Qxe1 b6 13. Nxf6+ Qxf6 14. d3
Bb7 15. Qc3 Qxc3 16. bxc3 Ne8 17. c4 c5 18. f3 Nd6 19. Kf2 Bc6 20. g3 Ba4 21. c3
Nb7 22. Bf4 Re8 23. Bh3 f6 24. Bf5 g6 25. Be4 Bc6 26. g4 Kf7 27. h4 Na5 28. Rh1
Bxe4 29. fxe4 Nc6 30. h5 g5 31. Bg3 Ne5 32. Bxe5 fxe5 33. Ke3 h6 34. Rf1+ Ke6
35. a4 a5 36. Rb1 Rb8 37. d4 d6 38. d5+ Ke7 39. Rf1 Rf8 40. Rxf8 1/2-1/2

[Event "10th Norway Blitz 2022"]
[Site "Stavanger NOR"]
[Date "2022.05.30"]
[Round "7.2"]
[White "Mamedyarov, Shakhriyar"]
[Black "Wang, Hao"]
[Result "1/2-1/2"]
[WhiteTitle "GM"]
[BlackTitle "GM"]
[WhiteElo "2759"]
[BlackElo "2744"]
[WhiteFideId "13401319"]
[BlackFideId "8602883"]
[EventDate "2022.05.30"]

1. d4 Nf6 2. c4 e6 3. Nf3 d5 4. Nc3 Be7 5. Bf4 O-O 6. a3 Nbd7 7. Nb5 Ne8 8. e3
a6 9. Nc3 dxc4 10. Bxc4 c5 11. dxc5 Nxc5 12. Qxd8 Bxd8 13. b4 Nd7 14. O-O Be7
15. Rfd1 Nef6 16. Bd3 b5 17. Ne5 Nxe5 18. Bxe5 Bb7 19. Rac1 Rac8 20. Ne2 Rfd8
21. Nd4 Kf8 22. Rxc8 Rxc8 23. Nb3 Nd7 24. Bd4 g6 25. e4 e5 26. Ba1 f6 27. f3 Nb6
28. Kf1 Bc6 29. Rc1 Bd7 30. Rxc8+ Bxc8 31. Bb2 Be6 32. Na5 Ke8 33. Bc1 Kd7 34.
Ke2 Na4 35. Bc2 Nb6 36. Bd3 Na4 37. Bc2 Nb6 1/2-1/2

[Event "10th Norway Blitz 2022"]
[Site "Stavanger NOR"]
[Date "2022.05.30"]
[Round "7.3"]
[White "Vachier-Lagrave, Maxime"]
[Black "Giri, Anish"]
[Result "1-0"]
[WhiteTitle "GM"]
[BlackTitle "GM"]
[WhiteElo "2750"]
[BlackElo "2761"]
[WhiteFideId "623539"]
[BlackFideId "24116068"]
[EventDate "2022.05.30"]

1. b3 d5 2. Bb2 Bf5 3. g3 c5 4. Bg2 Nc6 5. Nf3 Nf6 6. O-O e6 7. d3 Be7 8. Nh4
Bg4 9. h3 Bh5 10. g4 Nd7 11. Nf5 exf5 12. gxh5 Bf6 13. Nc3 Nb6 14. e4 dxe4 15.
dxe4 Qxd1 16. Raxd1 f4 17. e5 Bxe5 18. Bxc6+ bxc6 19. Rfe1 f6 20. Na4 Nxa4 21.
Bxe5 fxe5 22. Rxe5+ Kf7 23. bxa4 Rhd8 24. Rxd8 Rxd8 25. Rxc5 Rd4 26. c4 Rd2 27.
Rxc6 Rxa2 28. Ra6 Rc2 29. Kg2 Rxc4 30. Rxa7+ Kf6 31. Kf3 h6 32. a5 Ra4 33. a6
Kf5 34. Rf7+ Kg5 35. Rxg7+ Kxh5 36. a7 Kh4 37. Kg2 h5 38. Rf7 Kg5 39. Kf3 Ra3+
40. Ke4 Kh4 41. Rxf4+ Kxh3 42. Rf3+ 1-0

[Event "10th Norway Blitz 2022"]
[Site "Stavanger NOR"]
[Date "2022.05.30"]
[Round "7.4"]
[White "Tari, Aryan"]
[Black "Radjabov, Teimour"]
[Result "1-0"]
[WhiteTitle "GM"]
[BlackTitle "GM"]
[WhiteElo "2654"]
[BlackElo "2753"]
[WhiteFideId "1510045"]
[BlackFideId "13400924"]
[EventDate "2022.05.30"]

1. e4 e6 2. d4 d5 3. Nc3 a6 4. Nf3 Nf6 5. Bd3 c5 6. exd5 exd5 7. dxc5 Bxc5 8.
O-O O-O 9. Bg5 Be6 10. a3 Nbd7 11. h3 Qc7 12. Qd2 Rfe8 13. Rae1 Rac8 14. Bf4 Qc6
15. Ne5 Nxe5 16. Bxe5 Nd7 17. Bg3 Bxa3 18. bxa3 Qxc3 19. Qg5 h6 20. Qh4 Qf6 21.
Qb4 Nc5 22. Re3 Ne4 23. Bxe4 dxe4 24. Qxb7 Rxc2 25. Qxe4 Rec8 26. Rfe1 R2c4 27.
Qb7 a5 28. Be5 Qf5 29. Rg3 g5 30. Rf3 Qc2 31. Bg3 Qd2 32. Rxe6 Rc1+ 33. Kh2 1-0

[Event "10th Norway Blitz 2022"]
[Site "Stavanger NOR"]
[Date "2022.05.30"]
[Round "7.5"]
[White "So, Wesley"]
[Black "Topalov, Veselin"]
[Result "1-0"]
[WhiteTitle "GM"]
[BlackTitle "GM"]
[WhiteElo "2776"]
[BlackElo "2730"]
[WhiteFideId "5202213"]
[BlackFideId "2900084"]
[EventDate "2022.05.30"]

1. e4 c5 2. Nf3 d6 3. Bb5+ Bd7 4. Bxd7+ Qxd7 5. c4 Nc6 6. d4 cxd4 7. Nxd4 g6 8.
Nc3 Bg7 9. Be3 Nh6 10. h3 f5 11. Bxh6 Bxd4 12. O-O Bxc3 13. bxc3 fxe4 14. Qe2
O-O-O 15. Rab1 Ne5 16. Bg7 Qc6 17. Bxh8 Rxh8 18. Rfd1 Nxc4 19. Qg4+ Kb8 20. Qe6
Re8 21. Rd4 Ne5 22. a4 e3 23. f4 e2 24. fxe5 Qxc3 25. Re4 Qd3 26. Rxb7+ Kxb7 27.
exd6 Qxd6 1-0

[Event "10th Norway Blitz 2022"]
[Site "Stavanger NOR"]
[Date "2022.05.30"]
[Round "8.2"]
[White "Radjabov, Teimour"]
[Black "So, Wesley"]
[Result "0-1"]
[WhiteTitle "GM"]
[BlackTitle "GM"]
[WhiteElo "2753"]
[BlackElo "2776"]
[WhiteFideId "13400924"]
[BlackFideId "5202213"]
[EventDate "2022.05.30"]

1. Nf3 d5 2. d4 Nf6 3. c4 dxc4 4. e3 e6 5. Bxc4 a6 6. b3 c5 7. Bb2 cxd4 8. Nxd4
Be7 9. O-O O-O 10. Be2 b5 11. Nd2 Bb7 12. Rc1 Qd7 13. N2f3 Bd6 14. Qc2 e5 15.
Nf5 Be4 16. Nh6+ gxh6 17. Qd1 Nc6 18. Nd2 Bf5 19. f4 Rad8 20. Qe1 Bb4 21. Qg3+
Bg6 22. Nf3 Ne4 23. Qh4 h5 24. Kh1 Be7 25. Qe1 exf4 26. exf4 Rfe8 27. Nh4 Qd2 0-1

[Event "10th Norway Blitz 2022"]
[Site "Stavanger NOR"]
[Date "2022.05.30"]
[Round "8.3"]
[White "Giri, Anish"]
[Black "Tari, Aryan"]
[Result "1/2-1/2"]
[WhiteTitle "GM"]
[BlackTitle "GM"]
[WhiteElo "2761"]
[BlackElo "2654"]
[WhiteFideId "24116068"]
[BlackFideId "1510045"]
[EventDate "2022.05.30"]

1. Nf3 Nf6 2. g3 c5 3. Bg2 Nc6 4. O-O e5 5. e4 d6 6. d3 g6 7. Nc3 Bg7 8. a3 O-O
9. Rb1 h6 10. b4 b6 11. h3 Be6 12. Be3 Nd4 13. bxc5 bxc5 14. Nb5 Nxb5 15. Rxb5
Qd7 16. Qb1 Bxh3 17. Rb7 Qe6 18. Qb3 c4 19. Qxc4 Qxc4 20. dxc4 Bxg2 21. Kxg2
Nxe4 22. Rd1 Rfc8 23. Nd2 Nc3 24. Rh1 h5 25. Rb3 e4 26. Rb7 d5 27. Bxa7 d4 28.
Re1 Re8 29. Rd7 Re6 30. Bxd4 Bxd4 31. Rxd4 Rxa3 32. c5 Rc6 33. Rc4 f5 34. Nb3
Nb5 35. Rd1 Ra7 36. Rb4 Nc3 37. Rd6 1/2-1/2

[Event "10th Norway Blitz 2022"]
[Site "Stavanger NOR"]
[Date "2022.05.30"]
[Round "8.4"]
[White "Wang, Hao"]
[Black "Vachier-Lagrave, Maxime"]
[Result "0-1"]
[WhiteTitle "GM"]
[BlackTitle "GM"]
[WhiteElo "2744"]
[BlackElo "2750"]
[WhiteFideId "8602883"]
[BlackFideId "623539"]
[EventDate "2022.05.30"]

1. d4 Nf6 2. c4 g6 3. Nc3 d5 4. Nf3 Bg7 5. Qb3 dxc4 6. Qxc4 O-O 7. e4 a6 8. e5
b5 9. Qb3 Nfd7 10. Be3 c5 11. e6 c4 12. exf7+ Rxf7 13. Qd1 Nc6 14. Ng5 Rf6 15.
Be2 Nb6 16. O-O Rd6 17. Nge4 Rxd4 18. Bxd4 Nxd4 19. Bg4 b4 20. Bxc8 Rxc8 21. Ne2
Nb5 22. Qc2 Qd3 23. Rac1 Qxc2 24. Rxc2 a5 25. Rd1 a4 26. Rcd2 h6 27. Rd8+ Kf7
28. Rxc8 Nxc8 29. Rd8 Nca7 30. Rb8 Bxb2 31. Nc5 a3 32. Rb7 b3 0-1

[Event "10th Norway Blitz 2022"]
[Site "Stavanger NOR"]
[Date "2022.05.30"]
[Round "8.5"]
[White "Anand, Viswanathan"]
[Black "Mamedyarov, Shakhriyar"]
[Result "1/2-1/2"]
[WhiteTitle "GM"]
[BlackTitle "GM"]
[WhiteElo "2751"]
[BlackElo "2759"]
[WhiteFideId "5000017"]
[BlackFideId "13401319"]
[EventDate "2022.05.30"]

1. e4 e5 2. Nf3 Nc6 3. Bb5 a6 4. Ba4 Nf6 5. O-O Nxe4 6. d4 b5 7. Bb3 d5 8. dxe5
Be6 9. Nbd2 Nc5 10. c3 Be7 11. Bc2 d4 12. Nb3 d3 13. Nxc5 dxc2 14. Qxd8+ Rxd8
15. Nxe6 fxe6 16. Be3 Rd5 17. Rac1 Nxe5 18. Nxe5 Rxe5 19. Rxc2 Kf7 20. c4 b4 21.
Rd1 Rd8 22. Rxd8 Bxd8 23. Kf1 Bg5 24. Bd4 Ra5 25. b3 Bf6 26. Be3 Bg5 27. Ba7 Ra3
28. Bb8 Bd8 29. Ba7 a5 30. Bc5 Be7 31. Be3 a4 32. bxa4 Rxa4 33. c5 e5 34. Ke2
Ke6 35. Rd2 Ra5 36. Rb2 Bxc5 37. Bxc5 Rxc5 38. Rxb4 Rc2+ 39. Ke3 Rxa2 40. Rg4
Ra3+ 41. Ke2 g6 42. Rc4 Kd6 43. Rh4 h5 44. Rb4 Ra6 45. g4 c5 46. Rb3 hxg4 47.
Rg3 Ra4 48. Rb3 Kc6 49. Rb8 c4 50. Rg8 Kd5 51. Rxg6 c3 52. Kd3 Rc4 53. Kc2 Kc5
54. Rg5 Kd6 55. Rg6+ Ke7 56. h3 gxh3 57. Rh6 Ra4 58. Rxh3 Ra2+ 59. Kd1 c2+ 60.
Kc1 Ke6 61. Rc3 Kf5 62. Rxc2 Rxc2+ 63. Kxc2 Kf4 64. Kd2 Kf3 65. Kd3 Kxf2 66. Ke4
Ke2 67. Kxe5 1/2-1/2

[Event "10th Norway Blitz 2022"]
[Site "Stavanger NOR"]
[Date "2022.05.30"]
[Round "9.1"]
[White "Mamedyarov, Shakhriyar"]
[Black "Carlsen, Magnus"]
[Result "1/2-1/2"]
[WhiteTitle "GM"]
[BlackTitle "GM"]
[WhiteElo "2759"]
[BlackElo "2864"]
[WhiteFideId "13401319"]
[BlackFideId "1503014"]
[EventDate "2022.05.30"]

1. d4 Nf6 2. c4 g6 3. Nf3 Bg7 4. g3 c6 5. Bg2 Qa5+ 6. Bd2 Qa6 7. b3 b5 8. cxb5
cxb5 9. a4 Bb7 10. Nc3 bxa4 11. Nxa4 Qb5 12. Nc3 Qb6 13. Na4 Qd8 14. O-O O-O 15.
Nc5 Bc6 16. Ba5 Qc8 17. Qb1 d6 18. Nd3 Qb7 19. Rc1 Rc8 20. Nb4 Be4 21. Rxc8+
Qxc8 22. Qc1 Nbd7 23. Nd2 Bxg2 24. Qxc8+ Rxc8 25. Kxg2 d5 26. e3 e6 27. Nd3 Bf8
28. Ra2 Ne4 29. Nxe4 dxe4 30. Ne5 Nxe5 31. dxe5 Rb8 32. b4 Rb7 33. Rc2 Rb5 34.
Rc8 Rxe5 35. Bc7 Rd5 36. Ra8 Rd7 37. Be5 f5 38. Bd4 Kf7 39. b5 Bd6 40. Rxa7 Rxa7
41. Bxa7 Ke8 42. f3 exf3+ 43. Kxf3 g5 44. h3 h5 45. Bd4 g4+ 46. hxg4 fxg4+ 47.
Kf2 Kd7 48. e4 Kc7 49. e5 Ba3 50. Ke3 Bc1+ 51. Ke4 Kb7 52. Bf2 Bg5 53. Bd4 Bd2
54. Bf2 Kc7 55. Bc5 Be1 56. Kf4 Bd2+ 57. Be3 Be1 58. Bd4 Kb7 59. Be3 1/2-1/2

[Event "10th Norway Blitz 2022"]
[Site "Stavanger NOR"]
[Date "2022.05.30"]
[Round "9.2"]
[White "Vachier-Lagrave, Maxime"]
[Black "Anand, Viswanathan"]
[Result "1-0"]
[WhiteTitle "GM"]
[BlackTitle "GM"]
[WhiteElo "2750"]
[BlackElo "2751"]
[WhiteFideId "623539"]
[BlackFideId "5000017"]
[EventDate "2022.05.30"]

1. e4 e5 2. Nf3 Nc6 3. Bc4 Bc5 4. c3 Nf6 5. d4 exd4 6. cxd4 Bb4+ 7. Nbd2 Bxd2+
8. Bxd2 Nxe4 9. d5 Ne7 10. Qe2 Nxd2 11. Kxd2 O-O 12. Rae1 Nf5 13. g4 Nh4 14. d6
cxd6 15. Nxh4 Qxh4 16. Qf3 d5 17. Bxd5 Qh6+ 18. Kd1 Qd6 19. Kc1 Rb8 20. Re3 b5
21. Rd1 Qc5+ 22. Kb1 b4 23. Re8 Ba6 24. Qxf7+ Kh8 25. Qxf8+ Qxf8 26. Rxf8+ Rxf8
27. f3 g5 28. Re1 Bd3+ 29. Kc1 Bg6 30. Kd2 Rf6 31. Re5 Rd6 32. Ke3 Kg7 33. Rxg5
Kf6 34. f4 Rb6 35. Re5 1-0

[Event "10th Norway Blitz 2022"]
[Site "Stavanger NOR"]
[Date "2022.05.30"]
[Round "9.3"]
[White "Tari, Aryan"]
[Black "Wang, Hao"]
[Result "1-0"]
[WhiteTitle "GM"]
[BlackTitle "GM"]
[WhiteElo "2654"]
[BlackElo "2744"]
[WhiteFideId "1510045"]
[BlackFideId "8602883"]
[EventDate "2022.05.30"]

1. e4 c5 2. Nc3 d6 3. f4 g6 4. Nf3 Bg7 5. Bb5+ Bd7 6. Bc4 Nc6 7. d3 a6 8. O-O b5
9. Bd5 e6 10. Bxc6 Bxc6 11. f5 Ne7 12. fxe6 fxe6 13. Ng5 Qd7 14. Qg4 O-O-O 15.
Qxe6 h6 16. Qxd7+ Kxd7 17. Nf3 g5 18. Rb1 Rhf8 19. Be3 Ng6 20. h3 Rde8 21. Rbe1
b4 22. Nd1 a5 23. b3 a4 24. Nf2 axb3 25. axb3 Ra8 26. d4 Ra2 27. dxc5 Bb5 28.
Rd1 Bxf1 29. Rxd6+ Ke7 30. Rxg6 Kf7 31. Rb6 Be2 32. Nd4 Bxd4 33. Bxd4 Rxc2 34.
Rxb4 Rd8 35. Kh2 h5 36. Be3 g4 37. hxg4 hxg4 38. Kg3 Ke6 39. Rb6+ Ke5 40. Bf4+
Kd4 41. b4 Rc3+ 42. Kh4 Rh8+ 43. Kg5 g3 44. Rd6+ Kc4 45. Nd1 Bxd1 46. Rxd1 Rg8+
47. Kh4 Rc2 48. Rg1 Kxb4 49. Bxg3 Rc4 50. Bd6 Rxe4+ 51. g4 Kb5 52. Kh5 Kc6 53.
g5 Rh8+ 54. Kg6 Rhe8 55. Kf5 Re2 56. g6 Rf2+ 57. Kg5 Rg8 58. Kh6 Re2 59. Kh7
Ree8 60. g7 Ra8 61. Rf1 1-0

[Event "10th Norway Blitz 2022"]
[Site "Stavanger NOR"]
[Date "2022.05.30"]
[Round "9.5"]
[White "Topalov, Veselin"]
[Black "Radjabov, Teimour"]
[Result "1/2-1/2"]
[WhiteTitle "GM"]
[BlackTitle "GM"]
[WhiteElo "2730"]
[BlackElo "2753"]
[WhiteFideId "2900084"]
[BlackFideId "13400924"]
[EventDate "2022.05.30"]

1. c4 Nf6 2. b3 e5 3. Bb2 Nc6 4. e3 Be7 5. Nf3 d6 6. d3 O-O 7. Nbd2 Re8 8. a3 a5
9. Be2 Bf8 10. O-O g6 11. Ng5 Bg7 12. Nge4 Nd7 13. Nc3 f5 14. Nd5 Nf6 15. Qc2
Be6 16. Bf3 Kh8 17. Bc3 g5 18. g3 g4 19. Bg2 Bxd5 20. cxd5 Ne7 21. e4 f4 22.
Rfe1 Ng6 23. b4 axb4 24. axb4 Rb8 25. Nc4 h5 26. d4 Nd7 27. dxe5 Ndxe5 28. Nxe5
Bxe5 29. Bxe5+ Rxe5 30. Rec1 f3 31. Bf1 Re7 32. e5 Nxe5 33. Ra3 h4 34. Rc3 hxg3
35. hxg3 c6 36. Bd3 Kg7 37. dxc6 bxc6 38. Rxc6 Nxc6 39. Qxc6 Qe8 40. Qxd6 Re1+
41. Rxe1 Qxe1+ 42. Bf1 Rxb4 43. Qc7+ Kf6 44. Qd6+ Kf5 45. Qd7+ Kf6 46. Qd6+ Kf5
47. Qd7+ Kf6 1/2-1/2